More Report Profit From Your Stock: A Guide for the Retailer (Record no. 856)

MARC details
005 - DATE AND TIME OF LATEST TRANSACTION
control field 20250318081532.0
082 ## - DEWEY DECIMAL CLASSIFICATION NUMBER
Classification number 658.87 JEN
100 ## - MAIN ENTRY--PERSONAL NAME
Author name JENSEN, E. A.
245 ## - TITLE STATEMENT
Title More Report Profit From Your Stock: A Guide for the Retailer
260 ## - PUBLICATION, DISTRIBUTION, ETC.
Place of publication, distribution, etc. Brighton,
Name of publisher, distributor, etc. Jensen, E. A.
Date of publication, distribution, etc. 1968.
300 ## - PHYSICAL DESCRIPTION
Extent vii, 127p.: ill.; table
Dimensions 22cm.
942 ## - ADDED ENTRY ELEMENTS (KOHA)
Source of classification or shelving scheme Dewey Decimal Classification
Koha item type Books
Holdings
Date last seen Total checkouts Full call number Barcode Cost, replacement price Price effective from Koha item type Lost status Source of classification or shelving scheme Damaged status Not for loan Withdrawn status Home library Current library Shelving location Date acquired Cost, normal purchase price
03/18/2025   658.87 JEN 0000003331 60000.00 03/18/2025 Books   Dewey Decimal Classification       College of Business Education Main Library College of Business Education Main Library General Collection 03/18/2025 20000.00
03/18/2025   658.87 JEN 0000003332 60000.00 03/18/2025 Books   Dewey Decimal Classification       College of Business Education Main Library College of Business Education Main Library General Collection 03/18/2025 20000.00
03/18/2025   658.87 JEN 0000003333 60000.00 03/18/2025 Books   Dewey Decimal Classification       College of Business Education Main Library College of Business Education Main Library General Collection 03/18/2025 20000.00